| 000 | 00544nam a2200181 a 4500 | ||
|---|---|---|---|
| 001 | 13499 | ||
| 003 | CO-ViMGA | ||
| 008 | 141112s2004 ck r 000 u spa d | ||
| 040 |
_aCO-ViMGA _bspa _cCO-ViMGA |
||
| 082 | 0 | 4 | _a327.172 C656a |
| 110 |
_aColombia. Presidente (1986 - 1990) : Barco Vargas Virgilio _919672 |
||
| 245 | 1 | 0 | _aEl avance hacia la reconciliacion |
| 260 |
_aSantafé de Bogotá : _bImprenta Nacional de Colombia, _c1990 |
||
| 300 | _a453 | ||
| 650 | 1 | 4 | _aPAZ - COLOMBIA |
| 650 | 1 | 4 | _aPROCESO DE PAZ - COLOMBIA |
| 942 |
_2ddc _cBK |
||
| 999 |
_c24226 _d24226 |
||